<?xml version="1.0" encoding="UTF-8"?>
<record
    xmlns:xsi="http://www.w3.org/2001/XMLSchema-instance"
    xsi:schemaLocation="http://www.loc.gov/MARC21/slim http://www.loc.gov/standards/marcxml/schema/MARC21slim.xsd"
    xmlns="http://www.loc.gov/MARC21/slim">

  <leader>02814    a2200229   4500</leader>
  <datafield tag="952" ind1=" " ind2=" ">
    <subfield code="0">0</subfield>
    <subfield code="1">0</subfield>
    <subfield code="2">lcc</subfield>
    <subfield code="4">0</subfield>
    <subfield code="7">0</subfield>
    <subfield code="8">NFIC</subfield>
    <subfield code="a">ML</subfield>
    <subfield code="b">ML</subfield>
    <subfield code="c">GEN</subfield>
    <subfield code="d">2022-10-14</subfield>
    <subfield code="e">Donation from ZIMCHE</subfield>
    <subfield code="l">0</subfield>
    <subfield code="o">RM184 MAY 2007</subfield>
    <subfield code="p">032624</subfield>
    <subfield code="r">2022-10-14 00:00:00</subfield>
    <subfield code="t">c. 1</subfield>
    <subfield code="w">2022-10-14</subfield>
    <subfield code="y">BK</subfield>
  </datafield>
  <datafield tag="952" ind1=" " ind2=" ">
    <subfield code="0">0</subfield>
    <subfield code="1">0</subfield>
    <subfield code="2">lcc</subfield>
    <subfield code="4">0</subfield>
    <subfield code="7">0</subfield>
    <subfield code="8">NFIC</subfield>
    <subfield code="a">ML</subfield>
    <subfield code="b">ML</subfield>
    <subfield code="c">GEN</subfield>
    <subfield code="d">2022-10-14</subfield>
    <subfield code="e">Donation from ZIMCHE</subfield>
    <subfield code="l">0</subfield>
    <subfield code="o">RM184 MAY 2007</subfield>
    <subfield code="p">032623</subfield>
    <subfield code="r">2022-10-14 00:00:00</subfield>
    <subfield code="t">c. 2</subfield>
    <subfield code="w">2022-10-14</subfield>
    <subfield code="y">BK</subfield>
  </datafield>
  <datafield tag="999" ind1=" " ind2=" ">
    <subfield code="c">10775</subfield>
    <subfield code="d">10775</subfield>
  </datafield>
  <datafield tag="020" ind1=" " ind2=" ">
    <subfield code="a">9780443063695</subfield>
  </datafield>
  <datafield tag="050" ind1=" " ind2=" ">
    <subfield code="a">RM184</subfield>
    <subfield code="b">MAY 2007</subfield>
  </datafield>
  <datafield tag="100" ind1=" " ind2=" ">
    <subfield code="a">Mayor, David F.</subfield>
    <subfield code="e">editor</subfield>
  </datafield>
  <datafield tag="245" ind1=" " ind2=" ">
    <subfield code="a">Electroacupuncture : </subfield>
    <subfield code="b">a practical manual and resource /</subfield>
    <subfield code="c">edited by David F. Mayor; forewords by Angela and John Hicks, Zang-Hee Cho</subfield>
  </datafield>
  <datafield tag="264" ind1=" " ind2=" ">
    <subfield code="a">Edinburgh :</subfield>
    <subfield code="b">Churchill Livingstone / Elsevier,</subfield>
    <subfield code="c">2007</subfield>
  </datafield>
  <datafield tag="300" ind1=" " ind2=" ">
    <subfield code="a">xxii, 381 pages :</subfield>
    <subfield code="b"> illustrations, portraits ; 26 cm + 1 CD-ROM (4 3/4 in.)</subfield>
  </datafield>
  <datafield tag="336" ind1=" " ind2=" ">
    <subfield code="2">rdacontent</subfield>
    <subfield code="a">text</subfield>
    <subfield code="b">txt</subfield>
  </datafield>
  <datafield tag="337" ind1=" " ind2=" ">
    <subfield code="2">rdamedia</subfield>
    <subfield code="a">unmediated</subfield>
    <subfield code="b">n</subfield>
  </datafield>
  <datafield tag="338" ind1=" " ind2=" ">
    <subfield code="2">rdacarrier</subfield>
    <subfield code="a">volume</subfield>
    <subfield code="b">nc</subfield>
  </datafield>
  <datafield tag="500" ind1=" " ind2=" ">
    <subfield code="a">n</subfield>
  </datafield>
  <datafield tag="504" ind1=" " ind2=" ">
    <subfield code="a">Includes bibliographical references and index</subfield>
  </datafield>
  <datafield tag="505" ind1=" " ind2=" ">
    <subfield code="a">Part 1 Initial Orientation. Introduction. Electroacupuncture East and West: the historical context. Part 2 Electromagnetism and vibration: concepts and terminology. Electroacupuncture in context: the effects of electrotherapy. Neurophysiology, acupoints and meridians: Western and Eastern perspectives. How electroacupuncture works I Observations from experimental and animal studies. II Gathering the threads - from observations to mechanisms and models. Does electroacupuncture work? Evaluating the controlled clinical trials. Acupuncture in clinical practice; an overview, . Psychological and nervous conditions. Stroke and cerebrovascular disease. Peripheral motor disorders. The immune system and the endocrine system. Disorders of the skin and hair., eye and ear, nose, throat and mouth. Obstetrics, gynaecology and the breast. The cardiovascular system. The respiratory system. The gastrointestinal system, liver, gallbladder and pancreas. The genitourinary tract. Pain and its treatment. Neurogenic pain - Head and facial pain - Neck pain. Musculoskeletal conditions: an integrated approach. Acupuncture anaesthesia. Postoperative pain. Addiction. Appetite regulation and weight control. Part 3 Technology and Practice. The technology of acupuncture. Tools of the Trade. Practicalities. The basic do's and don'ts. An integrated approach. Conclusion and the view ahead.Appendix 1 Resources: information, organizations and suppliers. Appendix 2 Technology in practice: assessment, legislation and insurance</subfield>
  </datafield>
  <datafield tag="520" ind1=" " ind2=" ">
    <subfield code="a">This book provides a clear and accessible overview of the theoretical foundation of electoacupuncture (EA), together with experimental and clinical evidence for the usefulness of EA in its various forms. It also serves as a manual for the effective clinical practice of EA, with a number of illustrative case histories. It serves as an excellent background to the subject, covering all the key information a beginner practioner would need to know, as well as exploring avenues for advanced practice</subfield>
  </datafield>
  <datafield tag="650" ind1=" " ind2=" ">
    <subfield code="a">Electroacupuncture </subfield>
  </datafield>
  <datafield tag="650" ind1=" " ind2=" ">
    <subfield code="a">Galvanopuncture</subfield>
  </datafield>
  <datafield tag="942" ind1=" " ind2=" ">
    <subfield code="2">lcc</subfield>
    <subfield code="c">BK</subfield>
    <subfield code="h">184</subfield>
    <subfield code="i">MAY</subfield>
    <subfield code="k">RM</subfield>
  </datafield>
</record>
